[Event "Jermuk FIDE GP"]
[Site "Jermuk"]
[Date "2009.08.10"]
[Round "2"]
[White "Inarkiev, Ernesto"]
[Black "Ivanchuk, Vassily"]
[Result "1/2-1/2"]
[WhiteElo "2675"]
[BlackElo "2703"]
[Annotator "Mueller,Karsten"]
[PlyCount "180"]
[EventDate "2009.08.09"]
[EventType "tourn"]
[EventRounds "13"]
[EventCountry "ARM"]
[EventCategory "19"]
[SourceTitle "CBM 132"]
[Source "ChessBase"]
[SourceDate "2009.09.16"]
[SourceVersion "1"]
[SourceVersionDate "2009.09.16"]
[SourceQuality "1"]

1. e4 c5 2. Nf3 Nc6 3. Nc3 e6 4. d4 cxd4 5. Nxd4 Nf6 6. Ndb5 d6 7. Bf4 e5 8.
Bg5 a6 9. Na3 b5 10. Nd5 Be7 11. Bxf6 Bxf6 12. c4 b4 13. Nc2 O-O 14. Be2 a5 15.
O-O Rb8 16. Qd3 Bg5 17. Rad1 Be6 18. b3 Kh8 19. Nde3 g6 20. Bg4 Qc8 21. Bxe6
fxe6 22. Qxd6 Rd8 23. Qc5 Rxd1 24. Nxd1 Qd7 25. Nb2 Be7 26. Qe3 Rd8 27. Qb6 Rb8
28. Qe3 Rd8 29. Ne1 Qa7 30. Qxa7 Nxa7 31. Nf3 Nc6 32. Rd1 Rxd1+ 33. Nxd1 Kg7
34. Nb2 h5 35. Kf1 Kf6 36. h3 Nb8 37. Ke2 Nd7 38. Na4 Bd6 39. Kd3 Ke7 40. g4
hxg4 41. hxg4 Kd8 42. Nh4 g5 43. Nf3 Be7 44. Ke3 Kc7 45. Nb2 Kc6 46. Nd3 Bf6
47. Kd2 Kd6 48. Kc2 Be7 49. Kb1 Bf6 50. Kb2 Nb8 51. a3 Nc6 52. axb4 axb4 53.
Nfe1 Bd8 54. Nc2 Ba5 55. Kc1 Kd7 56. Nc5+ Kd6 57. Nb7+ Kc7 58. Nc5 Kd6 59. Nb7+
Kc7 60. Nxa5 Nxa5 61. Nxb4 Nxb3+ 62. Kc2 Nd4+ 63. Kd2 Kb6 64. Nd3 Nc6 65. Kc3
Kc7 66. Ne1 Nd4 67. Kd3 Kb7 {Breakthrough in a knight ending At first glance,
the barricaded kingside makes any progress for White look problematic. Thus
the plan 68.Ke3? Kc7 69.Nf3? leads straight to a draw. However Inarkiev finds
a possibility to break through the black walls:  Durchbruch im
Springerendspiel Auf den ersten Blick sieht es angesichts des verrammelten
Königsflügels problematisch aus, mit Weiß Fortschritte zu erzielen. So führt
der Plan 68.Ke3? Kc7 69.Nf3? geradewegs ins Remis. Inarkiev findet jedoch eine
Möglichkeit, die schwarzen Wälle zu durchdringen:} 68. f4 $3 (68. Ke3 $2 Kc7
69. Nf3 $2 {leads straight to a draw: führt geradewegs ins Remis:} Nxf3 70.
Kxf3 Kc6 71. Ke3 Kc5 72. Kd3 Kb4 73. f3 Ka5 $1 74. Kc3 Ka4 $11) 68... gxf4 69.
g5 Nb3 {Ivanchuk seeks salvation in a counter-attack. Ivanchuk sucht nach
Rettung im Gegenangriff.} ({The passive Das passive} 69... Nc6 {is not
sufficient either because of the weakness of the black pawns: reicht
angesichts der Schwäche der schwarzen Bauern ebenfalls nicht aus:} 70. Nf3 Kc7
71. g6 Kd6 72. Ng5 Ne7 (72... Kd7 73. g7 Ne7 74. c5 Ng8 75. Kc4 Kc6 76. Nf3 $18
) 73. Nf7+ Kc5 74. Nxe5 $18) 70. Ke2 Nc5 71. Kf3 Nb3 72. g6 Nd2+ 73. Kg4 Nxe4
74. Nd3 Nf6+ 75. Kg5 Ne8 ({The more active Das aktivere} 75... Ne4+ {doesn't
help either, because the white knight turns out to be very nimble: hilft auch
nicht, weil sich der weiße Springer als sehr wendig erweist:} 76. Kh6 f3 77. g7
Nf6 78. Kg6 Ng8 79. Kf7 Nh6+ 80. Kxe6 e4 (80... Ng8 81. Kxe5 Kc6 82. Ke6 Kb7
83. c5 Kc8 84. Nf2 Kc7 85. Ng4 Nh6 86. Nxh6 f2 87. g8=Q f1=Q 88. Qg3+ $18) 81.
Nc5+ Kc6 82. Nxe4 Ng8 83. Nf2 Kc5 84. Ng4 Kxc4 85. Ne5+ $18) 76. Nxe5 Kb6 77.
Kxf4 Kc5 78. Ke4 Ng7 79. Nd3+ (79. Nf7 $5 {was somewhat simpler: war etwas
einfacher:} Kxc4 80. Nd6+ Kc5 81. Ke5 Nh5 82. Ne4+ Kc6 83. Ng3 Ng7 84. Kf6 Ne8+
85. Kxe6 $18) 79... Kxc4 80. Nf4 Kc5 81. Ke5 Kc6 82. Kf6 (82. Nxe6 {also wins:
gewinnt ebenfalls:} Ne8 83. Nd4+ Kc7 (83... Kd7 84. Nf5 $18) 84. Ke6 Ng7+ 85.
Kf6 Nh5+ 86. Ke7 $18) 82... e5 83. Kxe5 Kd7 84. Kf6 Ne8+ 85. Kf7 Nd6+ 86. Kf8
$2 {Inarkiev misses the following liquidation to a draw. Inarkiev lässt die
folgende Remisabwicklung zu.} ({To improve his knight, he should have chosen
Um seinen Springer zu verbessern hätte er zunächst das intuitiv fernliegende} 
86. Kg7 $1 {which intuitively looks all wrong: wählen sollen:} Nf5+ 87. Kf6 Nd6
88. Nd5 Ne8+ 89. Kf7 Nd6+ 90. Kg7 Ke6 91. Kh7 Nf5 ({nach} 91... Kxd5 92. g7 Ne8
{and the pawn queens with check: zieht der Bauer mit Schach ein:} 93. g8=Q+ $18
) 92. Ne3 Ne7 93. g7 {and according to Fine's rule of thumb, White has reached
a winning position because his pawn has reached the seventh rank supported by
its king, e.g.  und Weiß hat gemäß Fines Faustregel eine Gewinnstellung
erreicht, weil sein vom König unterstützter Bauer die 7.Reihe erreicht hat, z.
B.} Ke5 94. Ng2 Nd5 95. Nh4 Nf6+ 96. Kh8 Ke6 97. Ng6 Kf7 98. Nf4 Ng8 99. Ng6
Nf6 100. Ne5+ Ke6 101. Ng4 {and the knight is decisively deflected. und der
Springer wird entscheidend abgelenkt.}) 86... Nf5 87. Kf7 Nh4 88. g7 Nf5 89.
g8=Q (89. g8=N {of course no longer helps. Black could simply sacrifice his
knight with hilft natürlich auch nicht mehr. So könnte Schwarz z.B. seinen
Springer einfach mit} Nh6+ 90. Nxh6 $11 {opfern.}) 89... Nh6+ 90. Kg7 Nxg8
1/2-1/2

[Event "Dos Hermanas-B"]
[Site "Dos Hermanas"]
[Date "2005.04.01"]
[Round "1"]
[White "Teran Alvarez, Ismael"]
[Black "Cifuentes Parada, Roberto"]
[Result "1-0"]
[WhiteElo "2430"]
[BlackElo "2521"]
[Annotator "Mueller,Karsten"]
[PlyCount "157"]
[EventDate "2005.04.01"]
[EventType "tourn"]
[EventRounds "9"]
[EventCountry "ESP"]
[EventCategory "10"]
[SourceTitle "CBM 107"]
[Source "ChessBase"]
[SourceDate "2005.08.01"]
[SourceVersion "1"]
[SourceVersionDate "2005.08.01"]
[SourceQuality "1"]

1. e4 c5 2. Nf3 Nc6 3. d4 cxd4 4. Nxd4 Nf6 5. Nc3 e5 6. Ndb5 d6 7. Bg5 a6 8.
Na3 b5 9. Bxf6 gxf6 10. Nd5 f5 11. Bd3 Be6 12. c3 Bg7 13. Qh5 O-O 14. O-O h6
15. Nc2 fxe4 16. Bxe4 f5 17. Nf4 exf4 18. Bxc6 Rc8 19. Qf3 d5 20. Nb4 d4 21.
Rad1 a5 22. Bd5 Re8 23. Bxe6+ Rxe6 24. Nc2 Re4 25. Nxd4 Bxd4 26. Rxd4 Rxd4 27.
cxd4 Qxd4 28. Qb3+ Kg7 29. Qxb5 Rc5 30. Qb7+ Kg6 31. Re1 Qd6 32. Qa8 Qd5 33.
Qe8+ Qf7 34. Qb8 Kg5 35. Qd8+ Kh5 36. Qd1+ Kg5 37. Qd8+ Kh5 38. Qd4 Rc4 39.
Qd1+ Kg5 40. Qd8+ Kh5 41. b3 Rc5 42. Qd1+ Kg5 43. Qd8+ Kh5 44. Qd4 Qc7 45. Qd1+
Kg5 46. h3 Rc2 47. Qd4 Qc5 48. Qxc5 Rxc5 49. Re2 Rc1+ 50. Kh2 Ra1 51. Rc2 h5
52. g3 f3 53. Rc6 h4 54. gxh4+ Kh5 55. a4 f4 56. Rc3 Kxh4 57. Rxf3 Kg5 58. Kg2
Rb1 59. Rc3 Rd1 60. Kf3 Rd5 61. Ke4 Rd2 62. Rc5+ Kh4 63. f3 Rb2 64. Rb5 Kg3 65.
Rg5+ Kxh3 66. Rxa5 Rxb3 67. Kxf4 Kg2 68. Ke4 Rb4+ 69. Ke3 Rb3+ 70. Kd4 Kxf3 (
70... Rxf3 71. Rg5+ Kf2 72. a5 $18) 71. Rb5 {und der weiße a-Bauer setzt sich
durch, weil der weiße Turm ideal und der schwarze König schlecht steht:} Ra3
72. a5 Kf4 73. Kd5 Kf5 74. Kc6+ Ke6 75. Kb7 Rh3 (75... Rd3 {war etwas zäher:}
76. a6 Rd7+ 77. Kb6 Rd6+ 78. Ka5 Rd7 79. Rc5 Kd6 80. Kb6 Rd8 81. a7 Rh8 82. Ra5
$18) 76. a6 Rh7+ 77. Kb6 Rd7 (77... Kd6 78. a7 Rh8 79. Ra5 Ra8 80. Kb7 $18) 78.
a7 Rd6+ 79. Kb7 (79. Kb7 Rd7+ 80. Ka6 Rd8 81. Rb8 $18) 1-0

[Event "ESP-ch final"]
[Site "Lorca"]
[Date "2005.11.17"]
[Round "2.1"]
[White "Lopez Martinez, Josep Manuel"]
[Black "Illescas Cordoba, Miguel"]
[Result "0-1"]
[WhiteElo "2505"]
[BlackElo "2607"]
[Annotator "Mueller,Karsten"]
[PlyCount "112"]
[EventDate "2005.11.10"]
[EventType "match"]
[EventRounds "4"]
[EventCountry "ESP"]
[SourceTitle "CBM 111"]
[Source "ChessBase"]
[SourceDate "2006.04.04"]
[SourceVersion "1"]
[SourceVersionDate "2006.04.04"]
[SourceQuality "1"]

1. e4 c5 2. Nf3 Nc6 3. d4 cxd4 4. Nxd4 Nf6 5. Nc3 e5 6. Ndb5 d6 7. Bg5 a6 8.
Na3 b5 9. Nd5 Be7 10. Bxf6 Bxf6 11. c3 Bb7 12. Nc2 Nb8 13. g3 Bg5 14. Bg2 O-O
15. h4 Bh6 16. g4 Bf4 17. Nxf4 exf4 18. Qd2 Nc6 19. Qxf4 Ne5 20. Qg3 Qc8 21.
O-O-O Qxg4 22. Qxg4 Nxg4 23. Rd2 f5 24. f3 Ne5 25. Ne3 fxe4 26. fxe4 Rf2 27.
Rhd1 Raf8 28. Rxf2 Rxf2 29. Rxd6 Re2 30. Nf5 Rxg2 31. Rd8+ Kf7 32. Nd6+ Ke7 33.
Nxb7 Rh2 34. Rd5 Nc4 35. b3 Ne3 36. Rd3 Ng4 37. Nd6 g6 38. Nc8+ Ke6 39. Rd6+
Ke5 40. Rxa6 Nf2 41. Ra5 Nd3+ 42. Kb1 Kxe4 43. Ra7 Ke3 44. a4 Kd2 45. Rc7 Rh1+
46. Ka2 Kc2 47. axb5 Rb1 $1 {[%mdl 4096] Mattangriff im Endspiel} 48. Re7 Rxb3
(48... Rb2+ {hätte aufgrund der vielen Mattdrohungen auch gewonnen, z.B.} 49.
Ka3 (49. Ka1 $2 Nc1 50. Re2+ Nxe2 51. b6 Nc1 52. b7 Nxb3#) 49... Kb1 {[%cal
Gb2a2]} 50. Re1+ Nxe1 {[%cal Ge1c2,Gb2a2]} 51. Kb4 (51. b6 Kc2 52. b4 Kxc3 $19)
51... Kc2 52. Kc5 Nd3+ $19) 49. Re2+ Kxc3 50. Ka1 Rxb5 51. Nd6 Re5 $5 52. Rxe5
Nxe5 53. h5 (53. Kb1 h5 54. Kc1 Nf3 55. Kd1 Kd3 56. Ne8 Ke3 $19) 53... gxh5 54.
Kb1 h4 55. Kc1 (55. Ne4+ Kd3 56. Nf2+ Ke3 57. Nh3 Kf3 58. Kc2 Kg3 59. Ng1 h3
$19) 55... Kd3 56. Kd1 h3 (56... h3 57. Nf5 h2 58. Ng3 Ke3 59. Nf1+ Kf2 60.
Nxh2 Kg2 $19 {[%cal Ge5g4,Gg2f3,Gg2f1,Gg2h2]}) 0-1

[Event "EU-Cup 22nd"]
[Site "Fuegen"]
[Date "2006.10.12"]
[Round "5.1"]
[White "Nisipeanu, Liviu Dieter"]
[Black "Van Wely, Loek"]
[Result "1-0"]
[WhiteElo "2690"]
[BlackElo "2676"]
[Annotator "Nisipeanu,LD"]
[PlyCount "129"]
[EventDate "2006.10.08"]
[EventType "team-swiss"]
[EventRounds "7"]
[EventCountry "AUT"]
[SourceTitle "CBM 115"]
[Source "ChessBase"]
[SourceDate "2006.11.15"]
[SourceVersion "1"]
[SourceVersionDate "2006.11.15"]
[SourceQuality "1"]
[WhiteTeam "Clichy Echecs 92"]
[BlackTeam "Taldea Gros Xake"]
[WhiteTeamCountry "FRA"]
[BlackTeamCountry "ESP"]

1. e4 {Rogozenko} c5 2. Nf3 Nc6 3. d4 cxd4 4. Nxd4 Nf6 5. Nc3 e5 6. Ndb5 d6 7.
Bg5 a6 8. Na3 b5 9. Nd5 Be7 10. Bxf6 Bxf6 11. c3 Bg5 12. Nc2 O-O 13. a4 bxa4
14. Nce3 $5 {The idea of this move is to capture on a4 with the queen. A
possible drawback could be the early positioning of the c2 knight, which thus
allows Black to arrange his pieces accordingly. Die Idee dieses Zug lautet,
auf a4 mit der Dame zu schlagen. Ein möglicher Nachteil könnte die frühe
Positionierung des Springers c2 sein, welche es Schwarz somit erlaubt, seine
Figuren entsprechend zu arrangieren.} Bxe3 {Quite logical, although other
moves are also possible.  Völlig logisch, obwohl auch andere Züge möglich sind.
} 15. Nxe3 Rb8 16. Qxa4 Ne7 17. O-O-O $5 {Because of the very negative
evaluation of this move given by the chess programs, I had an uneasy feeling
about playing it. But then, at least we have an original position, in which
Black cannot just play his routine moves and equalise.  Aufgrund der sehr
negativen Bewertung dieses Zuges durch Schachprogramme hatte ich bei dessen
Ausführung ein mulmiges Gefühl. Aber zumindest haben wir eine orginelle
Stellung, in der Schwarz nicht einfach seine Routinezüge herunterspulen und
ausgleichen kann.} ({Two rounds later, I played the weaker Zwei Runden später
spielte ich das schwächere} 17. Rd1 {and after the obvious , und nach dem
offensichtlichen} Rxb2 {I had to settle for the completely unpromising musste
ich mich mit dem komplett perspektivarmen} 18. Bxa6 $11 {since the originally
planned begnügen, da das ursprünglich geplante} (18. Nc4 Rb8 19. Nxd6 {runs
into the strong auf das starke} Bg4 $1 20. f3 $8 Be6 {and White is in trouble.
trifft, wonach Weiß in Schwierigkeiten steckt.})) 17... Bb7 {Of course, Black
has many options and deciding over the board, which one to choose is not easy.
The move that Loek choose was not analysed by me before the game, so we were
both on our own here.  Natürlich hat Schwarz viele Optionen, und sich am Brett
für eine zu entscheiden, ist nicht leicht. Den von Loek gewählten Zug hatte
ich vor der Partien nicht analysiert, also waren wir von hier an beide auf uns
allein gestellt.} (17... Be6 18. Bc4 {Rogozenko} Qb6 19. Rd2 (19. Qa3 $2 Bxc4
20. Nxc4 Qxf2 $132) 19... Rfc8 20. Bxe6 (20. Rhd1 $5) 20... Rxc3+ (20... fxe6
21. Nc4 $16) 21. Kd1 fxe6 22. bxc3 Qb1+ 23. Ke2 Qxh1 24. Qd7 $36) (17... Qb6) (
{Rogozenko: Deserves attention not to choose the bishop's diagonal yet. After} 
17... Qc7 {Black achieves sufficient counterplay:} 18. Bc4 (18. Bd3 Be6 {
[%csl Rb3]}) 18... Bb7 19. f3 (19. Rd2 Bxe4 20. Bxf7+ Rxf7 21. Qxe4) 19... Qb6
20. Rhe1 Bxe4 $132 {[%csl Rb2]} ({or} 20... d5 $132)) 18. Bd3 {White plans to
double his rooks on the d-file and to keep Black's pieces busy defending the
d6 pawn. The lack of an alternative plan makes White's play somewhat easier.
Weiß plant, seine Türme in der d-Linie zu verdoppeln und die schwarzen Figuren
mit der Deckung des Bauern d6 beschäftigt zu halten. Der Mangel eines
Alternativplans macht das weiße Spiel etwas einfacher.} (18. Qa3 Bxe4 19. Rxd6
Qc7 20. Be2 Nf5 21. Nxf5 Bxf5 {is more than ok for Black. ist mehr als okay
für Schwarz.}) 18... Bc6 19. Qa3 Qc7 20. Rd2 f5 $6 {Loek told me after the
game that he simply missed my next move. During the game I thought that this
could be a pawn sacrifice aimed at getting the black queen closer to my king.
So I calculated the complications before making my next move. Loek sagte mir
nach der Partie, dass er meinen nächsten Zug einfach übersehen hätte. Während
der Partie dachte ich allerdings, dass dies ein Bauernopfer sein könnte mit
dem Ziel, die schwarze Dame näher an meinen König heranzubringen. Daher
berechnete ich erst die Komplikationen, bevor ich meinen nächsten Zug machte.}
(20... a5 $142 21. Rhd1 a4 22. Bc2 Nc8 $13) 21. Bc4+ (21. exf5 d5 $36) 21...
Kh8 22. Qxd6 Qa5 $1 (22... Qxd6 23. Rxd6 Bxe4 24. Re1 $18) 23. Nc2 {Here I
considered my position to be winning, a fact also confirmed by my opponent's
body language. Now, after checking the game with the computer, I believe that
White's position is better, but not even close to winning. Hier hielt ich
meine Stellung für gewinnen, eine Tatsache, die sich auch in der Körpersprache
meines Gegners widerspiegelte. Jetzt, nachdem ich die Partie mit dem Computer
gecheckt habe, glaube ich, dass die Stellung von Weiß besser ist, aber nicht
einmal auch nur annähernd gewonnen.} (23. Qa3 $2 Qxa3 24. bxa3 Bxe4) 23... Rbe8
$2 {This is actually the decisive mistake.The funny thing is that I considered
it to be the only move during the game. Dies ist tatsächlich der entscheidende
Fehler. Das Witzige ist, dass ich dies während der Partie für den einzigen Zug
hielt.} (23... Bxe4 $2 24. Qxe7 Bxc2 25. Rd7 $1 Qa1+ 26. Kd2 $1 $18 {was the
line I had calculated when I played 21.Bc4+ war das Abspiel, das ich berechnet
hatte, als ich 21.Bc4+ spielte.}) ({Only Nur} 23... Qb6 $1 24. b4 ({My
originally intended mein ursprünglich beabsichtigtes} 24. Nb4 {would have been
strongly met by hätte die starke Erwiderung} Qa5 {after which White should
play gefunden, wonach Weiß} 25. Nc2 {in order to keep an advantage. spielen
sollte, um einen Vorteil zu bewahren.}) 24... Qb7 25. exf5 Nxf5 (25... a5 $132
{Rogozenko}) 26. Qxe5 Rbe8 27. Qa5 $16 {would have kept Black in the game.
hätte Schwarz im Spiel gelassen.}) 24. exf5 Bxg2 25. b4 $1 Qa4 26. Rg1 (26. Re1
$6 Nxf5 27. Qxa6 Qxa6 28. Bxa6 Nh4 $16) 26... Bc6 27. Kb2 $1 Nxf5 28. Qc5 Be4
29. Ra1 Qc6 30. Qxc6 Bxc6 31. Rxa6 $18 {Here I thought that the game was over
and started to play extremely carelessly, allowing my opponent to get
practical chances to confuse matters. Hier dachte ich, die Partie wäre
gelaufen und begann, extrem sorglos zu spielen, was meinem Gegner erlaubte,
praktische Chancen zu erlangen, um Verwirrung zu stiften.} Be4 32. Re6 $6 {
A very ugly move which gives Black some chances. Ein ganz hässlicher Zug, der
Schwarz einige Chancen gibt.} (32. b5 $18) 32... Rxe6 33. Bxe6 Nh4 34. h3 (34.
Ne1 $1 {would have still be winning, whereas now it is becoming a bit unclear.
hätte noch immer gewonnen, jetzt dagegen wird die Sache ein wenig unklar.})
34... Nf3 35. Rd6 $1 (35. Re2 Bd3 36. Re3 e4 $132) 35... h5 (35... Ng5 36. h4
Nxe6 37. Rxe6 g5 38. Rxe5 Bxc2 39. Kxc2 Rxf2+ 40. Kd3 gxh4 41. Re2 $1 $18) 36.
Bd5 Nd2 (36... Ng5 37. h4 Rxf2 38. hxg5 Bxc2 39. Kc1 $18) 37. Kc1 $1 Bxd5 38.
Rxd5 Ne4 39. Rxe5 Nxc3 40. Kd2 Na4 41. Rxh5+ {The position is still winning,
but the reduced number of pawns has definitely increased Black's chances of
survival. Beside this, I was very frustrated by the fact that the game will
last longer now. Die Stellung ist noch immer gewonnen, doch die reduzierte
Bauernzahl hat die schwarzen Überlebenschancen definitiv erhöht. Außerdem war
ich sehr frustriert von der Tatsache, dass die Partie jetzt länger dauern wird.
} Kg8 42. Ke3 Rc8 (42... Re8+ 43. Kf3 Nc3 44. Ne3 Rf8+ 45. Kg2 Rb8 46. Rc5 Ne4
47. Rc4 $18) 43. Nd4 Rc4 44. b5 Kf7 45. Rf5+ Kg6 46. h4 Nb6 47. h5+ Kh6 48. f4
Rb4 49. Rg5 Kh7 50. Kd3 Na4 51. Rg6 Rb1 52. Rc6 Rd1+ 53. Ke4 Re1+ 54. Kf5 {
After getting into a completely winning position again, I started to mess
things up for the second time in this game. Nachdem ich erneut eine komplette
Gewinnstellung erlangt hatte, begann ich zum zweiten Mal in dieser Partie, den
Faden zu verlieren.} ({More logical is Logischer ist} 54. Kd5 Rh1 $140 55. Nf3
$1 Rxh5+ 56. Ng5+ $18) 54... Rb1 55. h6 $6 {By now it was clear that our team
needed me to win this game in order to win the match, so why not give them a
heart attack? Mittlerweile war klar, dass unser Team für den Gesamtsieg im
Match meinen vollen Punkt brauchte, also wieso ihnen nicht eine kleine
Herzattacke bescheren?} (55. Ke5 Re1+ 56. Kd5 {was the easy way to win. war
der einfache Weg zum Sieg.}) 55... Rb4 56. Ke5 g6 {Now my pawn is always
hanging and with little time on the clock, I needed to play accurately to
secure victory. Jetzt hängt ständig mein Bauer, und mit wenig Zeit auf der Uhr
musste ich genau spielen, um den Sieg einzufahren.} 57. Kd5 Rb1 ({More
problems would have been caused by Mehr Probleme geschaffen hätte} 57... Nb2 $1
58. Rc3 Na4 59. Rh3 Nb6+ 60. Kc5 Rc4+ 61. Kxb6 Rxd4 62. Ka5 Rxf4 63. b6 $18)
58. Kc4 Kxh6 (58... Nb2+ 59. Kb3 Nd1+ 60. Kc2 Rb4 61. Ne6 Ne3+ 62. Kd3 $18) 59.
f5 Rc1+ 60. Kb4 Rxc6 61. bxc6 Nb6 62. Kc5 Nc8 63. f6 $1 Kh7 64. Ne6 Kg8 65. Ng5
{And finally my teammates could relax. Und endlich konnten sich meine
Mannschaftskameraden entspannen.} 1-0

[Event "Novgorod op"]
[Site "Novgorod"]
[Date "1995.??.??"]
[Round "3"]
[White "Dvoirys, Semen I"]
[Black "Iskusnyh, Sergei"]
[Result "1-0"]
[WhiteElo "2550"]
[BlackElo "2425"]
[Annotator "Notkin,M"]
[PlyCount "55"]
[EventDate "1995.05.??"]
[EventType "swiss"]
[EventRounds "9"]
[EventCountry "RUS"]
[SourceTitle "EXT 2000"]
[Source "ChessBase"]
[SourceDate "1999.11.16"]
[SourceVersion "1"]
[SourceVersionDate "1999.11.16"]
[SourceQuality "1"]

1. e4 c5 2. Nf3 Nc6 3. d4 cxd4 4. Nxd4 Nf6 5. Nc3 e5 6. Ndb5 d6 7. Bg5 a6 8.
Na3 b5 9. Bxf6 gxf6 10. Nd5 Bg7 11. c3 f5 12. exf5 Bxf5 13. Nc2 Be6 14. g3 O-O
15. Bg2 Rb8 16. O-O a5 (16... Qd7 17. Qh5 (17. Qd2) (17. Qe2) (17. Ncb4 $5)
17... f5 18. Rad1 e4 19. f3 Bxd5 20. Rxd5 Ne7 21. Rd2 d5 22. Bh3 Rb6 $15 {
Ivanchuk,V-Kramnik,V/Moscow/1995/0,5/27/}) 17. Qh5 (17. b4) (17. Qd2) (17. Re1
Qd7 18. Qh5 f5 19. Rad1 e4 20. Nce3 Ne5 21. Re2 Ng6 22. Red2 Be5 $13 {Short,
N-Kramnik,V/Novgorod super/1994/0:1/41/}) 17... Qd7 (17... f5 18. Rad1 Kh8 19.
Nce3 Ne7 20. Nxe7 Qxe7 21. g4 e4 22. gxf5 Bxa2 $13 {Ljubojevic,L-Illescas
Cordoba,M/Linares/1995/0,5/41/}) 18. Nce3 (18. Rad1 f5 19. Nce3 Qf7 20. Qxf7+
Rxf7 21. Rd2 h5 22. Bf3 f4 23. Nc2 fxg3 24. fxg3 Rbf8 $10 {Ivanchuk,V-Illescas
Cordoba,M/Linares/1995/0,5/35/}) 18... f5 19. g4 $1 (19. f4 b4 20. Rad1 bxc3
21. bxc3 Rb2 22. Nc4 Qa7+ (22... Rxa2 $5 23. Ndb6 Qc7 24. Rxd6 Nd8 $13) 23. Kh1
Rxa2 24. Nxd6 e4 $2 25. Nxe4 $1 $16 {Herbrechtsmeier,C-Gaugtitz,G/GER/1994/1:0/
40/}) 19... fxg4 $2 (19... e4 20. gxf5 Bxf5 21. Nxf5 Rxf5 22. Qg4 $1 $16 {
/\22...Ne5 23.Qf5+-/}) (19... Qf7 20. Qxf7+ Rxf7 21. gxf5 Bxf5 22. Nxf5 Rxf5
23. Ne3 Rg5 24. Rfd1 $14) 20. Be4 h6 (20... Bf6 21. Nxf6+ Rxf6 22. Qg5+ Kf7 23.
Nd5 $18) (20... Bh8 21. f4 gxf3 (21... exf4 22. Nxf4) (21... Qf7 22. Qh4) 22.
Kf2 $1 $18) 21. Qg6 Rf7 22. f4 $1 gxf3 23. Qh7+ Kf8 24. Rxf3 Rxf3 25. Bxf3 Bg8
$2 (25... Ke8 26. Qg6+ (26. Rd1 $1 Kd8 27. Qe4 $16) 26... Kd8 27. Bg4 $2 Bxg4
28. Nxg4 Ne7 29. Nxe7 Qxe7 30. Rf1 Rb7 $15) 26. Nf6 $1 $18 Qf7 (26... Bxh7 27.
Nxd7+ Ke7 28. Bxc6 $18) 27. Nxg8 Qxg8 28. Qxg8+ (28. Qxg8+ Kxg8 29. Bxc6 $18)
1-0